000 00520 a2200157 4500
999 _c259
_d259
008 210419b ||||| |||| 00| 0 eng d
020 _a9781408088463
082 0 0 _a658.72
_bW396
100 _aWeele, Arjan J. Van
_94968
245 _aPurchasing and supply chain management: analysis, strategy, planning and practice /
_cby Arjan J. Van Weele
250 _a6th ed.
260 _aUnited Kingdom:
_bCengage Learning,
_cc2014.
300 _axxvii, 438 p.
650 0 _aPurchasing and Supply Chain Management
942 _2ddc
_cBK